[Event "Utrecht OKU op-B 45th"]
[Site "Utrecht"]
[Date "2018.06.03"]
[Round "5"]
[White "Brandsma, Jeroen"]
[Black "Grooten, Tommy"]
[Result "1/2-1/2"]
[WhiteElo "1679"]
[BlackElo "1496"]
[PlyCount "34"]
[EventDate "2018.06.01"]
[EventType "swiss"]
[EventRounds "6"]
[EventCountry "NED"]
[SourceTitle "EXT 2019"]
[Source "ChessBase"]
[SourceDate "2018.10.10"]
[SourceVersion "1"]
[SourceVersionDate "2018.10.10"]
[SourceQuality "1"]

1. Nf3 d5 2. c4 d4 3. g3 c5 4. Bg2 Nc6 5. 0-0 e5 6. d3 h6 7. Na3 Nf6 8. Nd2 Bf5 9. Nc2 Rc8 10. Rb1 Rc7 11. a3 a5 12. a4 Nb4 13. Nxb4 axb4 14. a5 Qd7 15. Ra1 Qe6 16. Qa4+ Qd7 17. Qb5 Rc8 1/2-1/2